| 000 | 01032nam a22002417a 4500 | ||
|---|---|---|---|
| 005 | 20100823123651.0 | ||
| 010 | _aENG-101337 | ||
| 020 |
_a9788184244366 _c300.00 |
||
| 035 | _aEN-84870 | ||
| 037 | _bDBAD/PUB | ||
| 082 | _a005.432 | ||
| 100 |
_aOpen source software (NCOSS-09) open source beyond GNU/linux : selected readings :Navi Mumbai (2009) _917205 |
||
| 245 |
_aProceeding of the national conferences on open source software (NCOSS-09) open sorce beyond GNU/Linux : _bselected reading / _cedited by M. Sasikumar [and] R. Aparna |
||
| 260 |
_aNew Delhi _bAllied Publishers _c2009 |
||
| 270 |
_a1/13-14 Asaf Ali Road _bNew Delhi _e110002 |
||
| 300 |
_axii, 159 p. _c28cm (Pbk) |
||
| 490 |
_aCollection Sciences Sociales no 14 _917206 |
||
| 500 | _aIncludes index | ||
| 700 |
_aM. Sasikumar _916294 |
||
| 700 |
_aR. Aparna _916295 |
||
| 942 |
_2ddc _cEN _h005.432 _mPRO |
||
| 999 |
_c43006 _d43006 |
||